[Event "84th Annual Southwest Open"]
[Site "Irving"]
[Date "2018.09.03"]
[Round "8"]
[White "Stremavicius, Titas"]
[Black "Cervantes Landeiro, Thalia"]
[Result "1-0"]
[WhiteElo "2467"]
[BlackElo "2172"]
[Annotator "TA"]
[PlyCount "145"]
[EventDate "2018.08.31"]
[EventType "swiss"]
[EventCountry "USA"]
[SourceTitle "playchess.com"]
[Source "ChessBase"]
[SourceQuality "1"]

{[%evp 9,145,35,83,68,69,72,62,66,70,30,48,25,33,18,20,24,27,32,32,20,20,19,23,22,22,6,6,6,35,39,41,16,14,3,7,18,14,0,0,10,15,0,22,24,21,0,0,0,0,0,0,0,0,0,0,-10,0,0,47,55,67,64,79,9,8,0,0,0,0,0,29,24,25,25,38,9,9,9,9,9,9,9,9,9,9,9,9,9,9,9,16,8,8,8,8,8,8,0,14,0,29,0,8,8,8,8,8,8,60,8,67,67,76,8,8,8,6176,10465,4633,4054,11870,5608,12833,12245,29964,29971,29968,29969,4611,1598,29961,12799,29985,29986,29986,29987,29993,29994]} 1. c4 e5 2. Nc3 Nc6 3. e3 Bc5 4. Nf3 d6 5. d4 Bb6 {LiveBook: 3 Games} (5... exd4 6. exd4 Bb4 7. Bd2 Bxc3 8. Bxc3 d5 9. cxd5 Qxd5 10. Ne5 Nge7 11. f3 Be6 12. Bd3 Nxe5 13. dxe5 {0-1 (52) Khismatullin,D (2632)-Fedorchuk,S (2648) Riadh 2017}) 6. dxe5 {A27: English Opening: Three Knights Variation} dxe5 7. Qxd8+ Kxd8 8. a3 {White is slightly better.} a5 $146 ({Predecessor:} 8... f6 9. Be2 Be6 10. O-O a6 11. b4 Rc8 12. Bb2 Ke8 {0-1 (42) Ploog,M (2121)-Schmidt,A (2115) Germany 2016}) 9. Nd5 f6 10. Bd2 Nge7 11. Nxb6 cxb6 12. Be2 Kc7 13. O-O Rd8 14. Bc3 Bf5 15. Rfd1 Bc2 16. Rxd8 Rxd8 17. Rc1 Bd3 18. Kf1 Nf5 19. Bxd3 Rxd3 20. Ke2 Rd8 21. g4 Nd6 22. Nd2 h5 23. h3 hxg4 24. hxg4 Rh8 25. g5 fxg5 26. Rg1 Rh5 27. Nf3 Nf7 28. b4 axb4 29. axb4 Kd6 30. b5 Ne7 31. Nd2 Ke6 32. Ne4 Nf5 33. c5 bxc5 34. Nxc5+ Kd5 35. Nxb7 Kc4 36. Ba1 (36. e4 $16 Ne7 37. Ba5) 36... Kxb5 $11 37. Rb1+ Kc6 38. Na5+ Kd7 39. Nc4 Ke6 40. Rb6+ N5d6 41. Bxe5 Nxe5 42. Rxd6+ {[%mdl 4096] Endgame KRN-KRN} (42. Nxd6 {looks sharper.} Rh6 43. Nb5+ Kf7 44. Rb7+ Kg6 45. Nd6) 42... Ke7 43. Rd4 Nxc4 44. Rxc4 {KR-KR} Kf6 45. Kf3 Rh3+ 46. Kg2 Rh8 47. Kg3 Rh1 48. Rc6+ Kf5 49. Rc5+ Kf6 50. f3 Re1 51. Rc6+ Kf7 $1 52. e4 Rg1+ 53. Kh3 Rh1+ 54. Kg4 Rf1 55. e5 Rg1+ 56. Kf5 Rf1 57. Rc7+ Kg8 58. Rc3 Kf7 (58... Re1 $1 $11) 59. Ra3 (59. Kxg5 $14 Ke6 60. Kf4) 59... g6+ ({Black should try} 59... Re1 $1 $11) 60. Kxg5 $14 {Hoping for Ra7+.} Ke6 {[#]} 61. f4 ({Don't play} 61. Kxg6 Kxe5 62. Kg5 Rg1+ 63. Kh6 Kf4 $11) (61. Kf4 $1 $16) 61... Rg1+ $11 62. Kh6 Rg4 $2 {[%mdl 8192]} (62... Kf5 $11) 63. Ra6+ $18 Ke7 64. Rf6 Ke8 65. Kh7 (65. Kg7 $142 Ke7 66. Kh7 (66. Rxg6 Rxf4 67. Ra6 Re4 $11)) 65... Ke7 66. Kg7 Ke8 67. Rf7 Rg1 68. Kf6 Rg4 69. Ke6 (69. f5 $142 gxf5 70. Ra7) 69... Rg1 70. Ra7 {[%cal Ra7a8] [#]} Kf8 71. Kf6 {[%cal Ra7a8] White mates.} Ke8 72. e6 {[%cal Ra7a8,Be5e6,Be6e7][%mdl 32]} Kd8 73. e7+ {Precision: White = 53%, Black = 47%.} 1-0

[Event "84th Annual Southwest Open"]
[Site "Irving"]
[Date "2018.09.03"]
[Round "8"]
[White "Arribas Lopez, Angel"]
[Black "Patel, Advait"]
[Result "1-0"]
[WhiteElo "2460"]
[BlackElo "2475"]
[Annotator "TA"]
[PlyCount "129"]
[EventDate "2018.08.31"]
[EventType "swiss"]
[EventCountry "USA"]
[SourceTitle "playchess.com"]
[Source "ChessBase"]
[SourceQuality "1"]

{[%evp 17,129,-25,-12,-8,-27,-16,-16,-24,-2,-24,0,-27,-17,-18,-25,-47,0,0,38,38,66,55,61,54,70,65,69,73,80,71,92,87,71,77,116,118,140,133,142,106,232,233,226,205,205,205,205,212,208,202,199,206,198,179,254,241,317,314,317,300,320,329,322,300,289,244,479,479,479,472,400,278,253,271,260,247,253,233,387,225,216,212,426,282,374,310,334,333,328,327,314,306,289,245,238,83,83,90,91,16,14,15,833,859,839,832,4189,4170,4163,4163,4156,4149,29987,29988]} 1. e4 e5 2. Nf3 Nc6 3. Bb5 a6 4. Ba4 Nf6 5. d3 d6 6. c3 g6 7. O-O Bg7 8. Re1 O-O {C77: Spanische Partie (Anderssen-Variante)} 9. d4 (9. Nbd2 b5 10. Bc2 Bb7 11. Nf1 Nb8 12. d4 Nbd7 13. Ng3 Re8 14. a4 c6 15. Be3 Qc7 16. h3 exd4 17. cxd4 c5 {0-1 (65) McShane,L (2640)-Howell,D (2676) London 2017}) 9... b5 {LiveBook: 8 Partien} 10. Bc2 exd4 {Die Stellung ist ausgeglichen.} 11. Nxd4 Bb7 12. Bg5 $146 ({Vorgänger:} 12. Bf4 Re8 13. Nd2 Nh5 14. Be3 Nxd4 15. Bxd4 {0-1 (38) Szklarczyk,Z-Bura,M Poland 1992}) 12... h6 13. Bh4 Re8 14. f3 Ne5 15. f4 Ned7 16. Nb3 Qb8 {[%cal Rf6e4]} 17. N1d2 c5 18. Na5 Ra7 19. Nxb7 Rxb7 20. Qf3 Rb6 21. Bf2 Qc7 22. Rad1 Rbb8 23. Nf1 Nb6 {[#]} 24. e5 $1 {[%mdl 512]} dxe5 25. fxe5 Nfd7 {[#]} 26. e6 $1 {[%cal Re6f7][%mdl 512]} Rxe6 27. Rxe6 fxe6 28. Bg3 e5 (28... Ne5 $16 29. Qe2 c4) 29. Bxg6 $18 Nf8 30. Bf5 $40 {[%mdl 128] Schwarz ist in Schwierigkeiten.} Rd8 31. Rxd8 Qxd8 32. Qb7 Qf6 33. Qxa6 Nc4 34. Qxf6 ({Minderwertig wäre} 34. Qxb5 Nd6 $11) 34... Bxf6 35. Bd3 Nxb2 (35... Nd6 {war einen Versuch wert.} 36. Ne3 c4) 36. Bxb5 e4 37. Nd2 Bxc3 38. Nxe4 Bd4+ 39. Bf2 Ne6 40. Bd7 Nf8 41. Bf5 Nd1 $2 (41... Na4 42. Bg4 Kg7) 42. Bxd4 cxd4 {[%mdl 4096] Endspiel KLS-KSS} 43. a4 Ne3 44. Bc8 Nc4 45. Bb7 {Schwarz muss nun Ld5+ beachten.} Na5 46. Bd5+ Kg7 47. Nd6 Nd7 $2 (47... Kf6 48. Nc4 Nxc4) 48. Nc4 (48. Nb7 $142) 48... Nb3 49. a5 Ndc5 $2 (49... Nb8 50. Kf2 Kf6) 50. Kf1 d3 51. Ke1 Kf6 52. Bb7 d2+ 53. Kd1 (53. Nxd2 Nxa5 54. Ne4+ Nxe4 $16) 53... Nd3 {[#] zielt auf ...Sf2+ ab.} 54. Bf3 $1 ({Nicht} 54. Nxd2 Nxa5 55. Ba8 Ne5 $16) 54... Nb4 55. h4 Ke7 56. g4 $2 (56. Ke2 $18 {bietet bessere Gewinnchancen.}) 56... Kf6 $16 57. Be2 Ke7 58. g5 (58. Ne3 $16 Nxa5 59. Nf5+ (59. Kxd2 Kf6 $16) 59... Kf6 60. Nxh6) 58... hxg5 $11 59. hxg5 {Droht stark Lh5.} Kf7 $2 {[%mdl 8192] [#]} (59... Ke6 $11) 60. Ne5+ $1 $18 Kg7 61. a6 Nxa6 62. Bxa6 Nc5 63. Bc4 Kh7 64. Bd5 Nd7 65. Be4+ {Precision: Weiß = 73%, Schwarz = 51%.} 1-0

[Event "84th Annual Southwest Open"]
[Site "Irving"]
[Date "2018.09.03"]
[Round "8"]
[White "Wheeler, Cameron"]
[Black "Sadorra, Julio Catalino"]
[Result "1/2-1/2"]
[WhiteElo "2406"]
[BlackElo "2555"]
[Annotator "TA"]
[PlyCount "58"]
[EventDate "2018.08.31"]
[EventType "swiss"]
[EventCountry "USA"]
[SourceTitle "playchess.com"]
[Source "ChessBase"]
[SourceQuality "1"]

{[%evp 21,58,6,31,0,0,0,0,0,0,-17,-16,-10,-3,-12,-10,-9,17,-205,8,18,29,0,10,0,41,0,0,0,0,0,0,0,0,0,0,0,0,0,0]} 1. Nf3 d5 2. c4 e6 3. g3 Nf6 4. Bg2 Be7 5. d4 O-O 6. O-O Nbd7 7. Qc2 c6 8. Nbd2 b6 9. e4 dxc4 10. Nxc4 Bb7 {E09: Closed Catalan: Main Line: 7 Qc2 c6 8 Nbd2} 11. Bg5 b5 {LiveBook: 6 Games} 12. e5 (12. Bxf6 Nxf6 13. Ncd2 Rc8 14. e5 Nd7 15. a4 {½-½ (15) Swiercz,D (2649)-Cori Tello,J (2660) Columbus 2017}) 12... bxc4 13. exf6 Bxf6 14. Bxf6 Qxf6 15. Rfe1 c5 16. Ne5 Nxe5 17. dxe5 Qe7 18. Be4 $146 ({Predecessor:} 18. Bxb7 Qxb7 19. Qxc4 Qxb2 {½-½ (40) Vuilleumier,A (2342)-Kjartansson,G (2477) London 2015}) 18... Bd5 19. Bxh7+ Kh8 {Hoping for ...g6.} 20. Be4 Rab8 21. f4 (21. Rad1 $5 {[%cal Re4d5]}) 21... f5 22. Bg2 Qb7 23. Re2 Rfd8 {The position is equal.} 24. Bxd5 Qxd5 25. Rc1 Qd4+ 26. Kh1 Qd5+ 27. Kg1 Qd4+ 28. Kf1 Qd5 {[#] Strongly threatening ...Qh1+.} 29. Kg1 Qd4+ {Precision: White = 56%, Black = 66%.} 1/2-1/2

[Event "84th Annual Southwest Open"]
[Site "Irving"]
[Date "2018.09.03"]
[Round "8"]
[White "Wang, Justin"]
[Black "Stefanov, Emil"]
[Result "1-0"]
[WhiteElo "2391"]
[BlackElo "2407"]
[Annotator "ChessBase"]
[PlyCount "113"]
[EventDate "2018.08.31"]
[EventType "swiss"]
[EventCountry "USA"]
[SourceTitle "playchess.com"]
[Source "ChessBase"]
[SourceQuality "1"]
[TimeControl "5400+30"]

1. e4 {[%emt 0:03:52]} e5 {[%emt 0:00:00]} 2. Nf3 {[%emt 0:00:17]} Nc6 {[%emt 0:00:00]} 3. Bb5 {[%emt 0:00:31]} a6 {[%emt 0:00:00]} 4. Ba4 {[%emt 0:00:10]} Nf6 {[%emt 0:00:00]} 5. O-O {[%emt 0:00:26]} Be7 {[%emt 0:01:18]} 6. Re1 {[%emt 0:00:47]} b5 {[%emt 0:00:50]} 7. Bb3 {[%emt 0:00:01]} d6 {[%emt 0:00:07]} 8. c3 {[%emt 0:00:23]} O-O {[%emt 0:00:08]} 9. h3 {[%emt 0:00:15]} Na5 {[%emt 0:10:45]} 10. Bc2 {[%emt 0:01:04]} c5 {[%emt 0:00:05]} 11. d4 {[%emt 0:00:25]} Qc7 {[%emt 0:00:10]} 12. Nbd2 {[%emt 0:00:35]} Rd8 {[%emt 0:01:48]} 13. d5 {[%emt 0:04:40]} c4 {[%emt 0:02:27]} 14. Nf1 {[%emt 0:01:54]} h6 {[%emt 0:00:26]} 15. Ng3 {[%emt 0:01:40]} Bf8 {[%emt 0:00:42]} 16. Nh2 {[%emt 0:05:44]} Nb7 {[%emt 0:13:14]} 17. Qf3 {[%emt 0:04:02]} Qe7 {[%emt 0:04:16]} 18. Be3 {[%emt 0:06:41]} g6 {[%emt 0:11:38]} 19. Qe2 {[%emt 0:07:00]} Nc5 {[%emt 0:05:15]} 20. Qd2 {[%emt 0:05:03]} Kh7 {[%emt 0:00:31]} 21. b4 {[%emt 0:04:31]} cxb3 {[%emt 0:02:13]} 22. axb3 {[%emt 0:00:37]} Bb7 {[%emt 0:03:25]} 23. b4 {[%emt 0:00:53]} Ncd7 {[%emt 0:00:04]} 24. Bd3 {[%emt 0:00:10]} Rdc8 {[%emt 0:02:40]} 25. Rec1 {[%emt 0:00:30]} Bg7 {[%emt 0:01:59]} 26. Qe2 {[%emt 0:09:04]} Qd8 {[%emt 0:01:50]} 27. Nhf1 {[%emt 0:03:39]} Nb6 {[%emt 0:11:38]} 28. Nd2 {[%emt 0:01:05]} Nfd7 {[%emt 0:03:22]} 29. Nb3 {[%emt 0:02:14]} Nc4 {[%emt 0:00:39]} 30. Bxc4 {[%emt 0:00:52]} bxc4 {[%emt 0:00:25]} 31. Na5 {[%emt 0:00:31]} Qc7 {[%emt 0:00:11]} 32. Ra2 {[%emt 0:03:31]} Bf6 {[%emt 0:04:56]} 33. Nf1 {[%emt 0:00:39]} Bg5 {[%emt 0:03:53]} 34. Bxg5 hxg5 {[%emt 0:00:04]} 35. Ne3 {[%emt 0:00:32]} Nb6 {[%emt 0:01:20]} 36. Qg4 {[%emt 0:02:19]} f6 {[%emt 0:09:16]} 37. h4 {[%emt 0:00:57]} Rh8 {[%emt 0:01:29]} 38. hxg5 {[%emt 0:00:37]} Bc8 {[%emt 0:00:05]} 39. Qf3 {[%emt 0:01:06]} Kg8 {[%emt 0:01:13]} 40. Qxf6 {[%emt 0:11:04]} Qh7 {[%emt 0:01:01]} 41. f3 {[%emt 0:00:32]} Qh1+ {[%emt 0:01:50]} 42. Kf2 {[%emt 0:00:04]} Qxc1 {[%emt 0:00:40]} 43. Qxg6+ {[%emt 0:00:53]} Kf8 {[%emt 0:00:04]} 44. Qxd6+ {[%emt 0:03:33]} Kg8 {[%emt 0:00:04]} 45. Qd8+ {[%emt 0:00:45]} Kg7 {[%emt 0:00:08]} 46. Qe7+ {[%emt 0:00:20]} Kg8 {[%emt 0:00:09]} 47. Qe8+ {[%emt 0:01:58]} Kg7 {[%emt 0:00:04]} 48. Qxe5+ {[%emt 0:00:09]} Kg8 {[%emt 0:00:03]} 49. Qe8+ {[%emt 0:02:04]} Kg7 {[%emt 0:00:04]} 50. Qe7+ {[%emt 0:00:09]} Kg8 {[%emt 0:00:04]} 51. g6 {[%emt 0:03:48]} Ra7 {[%emt 0:01:29]} 52. Qxa7 {[%emt 0:00:36]} Nd7 {[%emt 0:00:09]} 53. Ng4 {[%emt 0:03:29]} Rh1 {[%emt 0:00:17]} 54. Qe3 {[%emt 0:01:42]} Qb1 {[%emt 0:01:21]} 55. Kg3 {[%emt 0:03:06]} Qxa2 {[%emt 0:01:42]} 56. Qf4 {[%emt 0:00:29]} Ne5 {[%emt 0:01:07]} 57. Nxe5 {[%emt 0:01:17]} 1-0

[Event "84th Annual Southwest Open"]
[Site "Irving"]
[Date "2018.09.03"]
[Round "8"]
[White "Ynojosa Aponte, Felix Jose"]
[Black "Ostrovskiy, Aleksandr"]
[Result "1/2-1/2"]
[WhiteElo "2370"]
[BlackElo "2425"]
[Annotator "TA"]
[PlyCount "117"]
[EventDate "2018.08.31"]
[EventType "swiss"]
[EventCountry "USA"]
[SourceTitle "playchess.com"]
[Source "ChessBase"]
[SourceQuality "1"]

{[%evp 15,117,-38,-25,-74,-69,-62,-67,-70,-84,-85,-35,-30,-35,-45,-29,-34,-19,-26,0,-27,-27,-29,-29,-28,-27,-32,-25,-29,-26,-25,-25,-22,-16,-29,-14,-46,-12,-31,-33,-53,0,-104,-99,-123,-47,-38,-8,-8,-8,-8,-8,-8,-8,-34,-34,-34,-27,-27,-27,-33,-27,-43,-35,-44,-8,-8,-8,-21,-8,-8,-8,-8,-8,-8,-8,-8,-8,-8,-8,-8,-8,-8,-8,-8,-8,-8,0,-8,-8,-8,-8,-8,0,-4,0,-8,-8,-8,-4,-4,0,-8,0,-4]} 1. c4 e6 2. Nc3 d5 3. d4 Bb4 4. e3 Nf6 5. Bd3 e5 (5... O-O 6. Nf3 c5 7. O-O Nc6 8. cxd5 exd5 9. dxc5 Bxc5 10. b3 Qe7 11. Bb2 Rd8 12. Rc1 Bg4 13. Be2 d4 14. Nxd4 Bxd4 15. exd4 Rxd4 16. Qc2 Rad8 17. Bxg4 Nxg4 {½-½ (38) Solak,D (2626)-Vocaturo,D (2607) Heraklio 2017}) 6. dxe5 {E40: Nimzo-Indian: Rubinstein (4 e3): Unusual Black 4th moves} dxc4 7. Qa4+ Nc6 8. Bxc4 Ne4 {LiveBook: 6 Games} 9. Qc2 Bf5 10. Bd3 $1 {[%cal Rd3e4]} Qd5 $1 {[#] Strongly threatening ...Rd8.} 11. f3 Nxc3 12. Bxf5 Nxa2+ 13. Kf2 $1 Nxc1 (13... Nxe5 $2 14. Be4 $18) 14. Rxc1 Qxe5 ({Don't play} 14... Nxe5 $6 15. Ne2 $14) 15. f4 $146 Qf6 16. Nf3 Bd6 17. Rhd1 g6 18. Be4 O-O 19. Bxc6 bxc6 20. b3 Rab8 21. Rd3 c5 22. Nd2 Rb4 23. Nc4 Rfb8 24. Rcd1 Qf5 25. Qa2 h5 26. R1d2 Qe4 27. h3 {[#]} Qb7 (27... a5 $1 $15 {[%mdl 512]} 28. Qc2 (28. Qxa5 Rxb3) 28... Re8) 28. Rd5 (28. Qa1 $11) 28... Rxb3 $17 29. f5 Qb4 (29... gxf5 $17 30. Qc2 (30. Na5 Qxd5 31. Rxd5 Rb2+ 32. Qxb2 Rxb2+ $17) 30... Qb4 31. Nxd6 Rb2 32. Qxb2 Qxb2 33. Rxb2 Rxb2+ 34. Kf3 cxd6 35. Rxd6 a5) 30. Nxd6 $15 Rb2 ({But not} 30... cxd6 31. fxg6 fxg6 32. Rxd6 $17) (30... Qc3 {seems wilder.} 31. R5d3 Qxd3 32. Rxd3 Rb2+ 33. Qxb2 Rxb2+ 34. Kf3 cxd6 35. Rxd6 gxf5 36. Rc6 Rc2) 31. Rxb2 Qxb2+ 32. Qxb2 Rxb2+ 33. Kf3 {Threatens to win with Ne4.} cxd6 34. Rxd6 gxf5 $11 {[%mdl 4096] Endgame KR-KR} 35. Rc6 Rb5 36. Kf4 a5 {[%cal Ba7a5,Ba5a4][%mdl 32]} 37. Kxf5 Kg7 38. Ke4 a4 {And now ...Ra5 would win.} 39. Ra6 Rb4+ 40. Kd5 {The position is equal.} c4 41. Kd4 h4 42. Kc5 Rb2 43. Rxa4 c3 44. Rc4 Rxg2 {White should prevent ...c2.} 45. Rxc3 Rg3 46. Kd4 Rxh3 {Hoping for ...Rf3.} 47. Ke4 Rg3 {aiming for ...h3.} 48. Kf4 Rg1 49. e4 Kh6 50. Rc8 Kg7 51. Rc3 Rg6 52. Rh3 Rh6 53. Kg5 Rg6+ 54. Kf5 Rh6 55. Kg5 f6+ 56. Kg4 Rg6+ 57. Kf4 Rh6 58. Kg4 Rg6+ 59. Kf4 {Precision: White = 66%, Black = 55%.} 1/2-1/2

[Event "84th Annual Southwest Open"]
[Site "Irving"]
[Date "2018.09.03"]
[Round "8"]
[White "Li, Ben"]
[Black "Shen, Christopher"]
[Result "1-0"]
[WhiteElo "2324"]
[BlackElo "2254"]
[Annotator "NA"]
[PlyCount "97"]
[EventDate "2018.08.31"]
[EventType "swiss"]
[EventCountry "USA"]
[SourceTitle "playchess.com"]
[Source "ChessBase"]
[SourceQuality "1"]
[TimeControl "5400+30"]

1. d4 {[%emt 0:00:00]} Nf6 {[%emt 0:00:19]} 2. c4 {[%emt 0:00:00]} g6 {[%emt 0:00:13]} 3. Nc3 {[%emt 0:00:00]} Bg7 {[%emt 0:00:12]} 4. e4 {[%emt 0:00:00]} d6 {[%emt 0:00:17]} 5. Nf3 {[%emt 0:00:00]} O-O {[%emt 0:00:09]} 6. h3 {[%emt 0:00:00]} c5 {[%emt 0:00:27]} 7. d5 {[%emt 0:00:00]} e6 {[%emt 0:00:15]} 8. Bd3 {[%emt 0:00:09]} Na6 {[%emt 0:00:34]} 9. O-O {[%emt 0:02:42]} Nc7 {[%emt 0:00:31]} 10. Bg5 {[%emt 0:03:47]} h6 {[%emt 0:02:16]} 11. Bh4 {[%emt 0:12:00] E90: King's Indian: Classical: Early deviations and 6 h3} Rb8 $146 {[%emt 0:05:15]} ({Predecessor:} 11... e5 12. Nd2 Bd7 13. Be2 Qe8 14. a4 Na6 15. Nb5 Qe7 16. a5 Nb4 17. Na3 Qe8 18. Nc2 Na6 {1-0 (49) Drygalov,A (2435)-Kryakvin,D (2592) Voronezh 2018}) 12. Qd2 {[%emt 0:06:21]} e5 {[%emt 0:04:07]} 13. a3 {[%emt 0:03:36]} Bd7 {[%emt 0:03:22]} 14. b4 {[%emt 0:01:28]} b6 {[%emt 0:02:13]} 15. Rab1 {[%emt 0:05:27]} Kh7 {[%emt 0:04:06]} 16. bxc5 {[%emt 0:13:26]} bxc5 {[%emt 0:08:45]} 17. Rxb8 {[%emt 0:00:01]} Qxb8 {[%emt 0:00:02]} 18. Rb1 {[%emt 0:00:02]} Qc8 {[%emt 0:03:19]} 19. Qb2 {[%emt 0:04:18]} Qa6 {[%emt 0:09:04]} 20. Nb5 {[%emt 0:19:26]} Nxb5 {[%emt 0:02:48]} 21. cxb5 {[%emt 0:00:09]} Qa4 {[%emt 0:04:44] [#]} 22. Nd2 $16 {[%emt 0:09:27]} Rb8 {[%emt 0:12:07]} 23. Qb3 {[%emt 0:00:16]} Qxb3 {[%emt 0:06:50]} 24. Rxb3 {[%emt 0:00:18]} g5 {[%emt 0:01:19]} 25. Bg3 {[%emt 0:00:08]} Nh5 {[%emt 0:01:44]} 26. a4 {[%emt 0:01:46]} Bf6 {[%emt 0:00:42]} 27. Be2 {[%emt 0:00:38]} Nf4 {[%emt 0:02:03]} 28. Bxf4 {[%emt 0:00:13]} exf4 {[%emt 0:00:59]} 29. Nc4 {[%emt 0:00:05]} Be7 {[%emt 0:03:10]} 30. Bg4 {[%emt 0:01:42]} Be8 {[%emt 0:02:19]} 31. e5 {[%emt 0:06:08]} Rd8 {[%emt 0:02:09]} 32. Na5 {[%emt 0:02:49]} dxe5 {[%emt 0:01:17]} 33. Nc6 {[%emt 0:00:06]} Bxc6 {[%emt 0:00:04]} 34. bxc6 {[%emt 0:00:03]} Bd6 {[%emt 0:02:39]} 35. Rb7 {[%emt 0:00:07]} Kg6 {[%emt 0:00:30]} 36. Bd7 {[%emt 0:00:34]} c4 {[%emt 0:01:54]} 37. c7 {[%emt 0:00:56]} Bxc7 {[%emt 0:00:07]} 38. Rxc7 {[%emt 0:00:06]} c3 {[%emt 0:00:05]} 39. Rc6+ {[%emt 0:01:24]} Kg7 {[%emt 0:00:45]} 40. Bf5 {[%emt 0:00:07]} Rxd5 {[%emt 0:00:55]} 41. Rxc3 {[%emt 0:00:15]} a5 {[%emt 0:00:31]} 42. f3 {[%emt 0:02:42]} Rd4 {[%emt 0:00:47]} 43. Bc2 {[%emt 0:00:11]} Rd5 {[%emt 0:02:02]} 44. Bb3 {[%emt 0:00:31]} Rd4 {[%emt 0:01:00]} 45. Rc5 {[%emt 0:00:30]} e4 {[%emt 0:00:45]} 46. fxe4 {[%emt 0:00:07]} Rxe4 {[%emt 0:00:02]} 47. Rxa5 {[%emt 0:00:06]} Re1+ {[%emt 0:00:19]} 48. Kf2 {[%emt 0:00:06]} Rb1 {[%emt 0:00:03]} 49. Rb5 {[%emt 0:00:09]} 1-0

[Event "84th Annual Southwest Open"]
[Site "Irving"]
[Date "2018.09.03"]
[Round "8"]
[White "Guo, Arthur"]
[Black "Kung, Thomas"]
[Result "1-0"]
[WhiteElo "2283"]
[BlackElo "2132"]
[Annotator "NA"]
[PlyCount "129"]
[EventDate "2018.08.31"]
[EventType "swiss"]
[EventCountry "USA"]
[SourceTitle "playchess.com"]
[Source "ChessBase"]
[SourceQuality "1"]
[TimeControl "5400+30"]

1. e4 {[%emt 0:00:00]} e5 {[%emt 0:10:54]} 2. Nf3 {[%emt 0:00:00]} Nc6 {[%emt 0:00:06]} 3. Bb5 {[%emt 0:00:00]} Nf6 {[%emt 0:00:17]} 4. d3 {[%emt 0:00:00]} Bc5 {[%emt 0:00:11]} 5. Bxc6 {[%emt 0:00:00]} dxc6 {[%emt 0:00:09]} 6. h3 {[%emt 0:00:02] C65: Ruy Lopez: Berlin Defence (3...Nf6), unusual lines and 4 0-0 Bc5} Nd7 {[%emt 0:06:11]} 7. Be3 {[%emt 0:00:32]} O-O {[%emt 0:04:38]} 8. Nc3 {[%emt 0:00:29]} Bd6 {[%emt 0:03:44]} 9. O-O {[%emt 0:00:07]} Re8 {[%emt 0:01:32]} 10. a4 {[%emt 0:00:04]} a5 {[%emt 0:03:16]} 11. Nd2 {[%emt 0:00:06]} Nf8 $146 {[%emt 0:04:30]} ({Predecessor:} 11... b6 12. Nc4 Ba6 13. Nxd6 cxd6 {1-0 (50) Caruana,F (2802)-Hou,Y (2652) chess.com INT 2017}) 12. Nc4 {[%emt 0:10:59]} Ng6 {[%emt 0:03:59]} 13. Qh5 {[%emt 0:04:25]} Be6 {[%emt 0:04:51]} 14. b3 {[%emt 0:02:34]} Qe7 {[%emt 0:07:45]} 15. Ne2 {[%emt 0:02:06]} f6 {[%emt 0:03:31]} 16. Ng3 {[%emt 0:04:24]} Qd7 {[%emt 0:04:32]} 17. Nd2 {[%emt 0:04:29]} Bb4 {[%emt 0:01:56]} 18. Nf3 {[%emt 0:02:51]} Nf4 {[%emt 0:04:16]} 19. Bxf4 {[%emt 0:03:51]} exf4 {[%emt 0:00:08]} 20. Ne2 {[%emt 0:00:13]} Bf7 {[%emt 0:04:07]} 21. Qg4 {[%emt 0:02:08]} Qxg4 {[%emt 0:03:05]} 22. hxg4 {[%emt 0:00:01]} g5 {[%emt 0:02:04]} 23. g3 {[%emt 0:04:25]} h5 {[%emt 0:01:54]} 24. Nh2 {[%emt 0:08:10] [#]} f3 $1 {[%emt 0:05:40]} 25. Nxf3 {[%emt 0:01:40]} hxg4 {[%emt 0:00:29]} 26. Nfd4 {[%emt 0:01:39]} Rad8 {[%emt 0:01:16]} 27. Nf5 {[%emt 0:01:44]} Bg6 {[%emt 0:02:17]} 28. Ne3 {[%emt 0:01:38]} f5 {[%emt 0:05:32]} 29. c3 {[%emt 0:05:15]} Bc5 {[%emt 0:02:47]} 30. d4 {[%emt 0:01:45]} Rxe4 {[%emt 0:00:35]} 31. dxc5 {[%emt 0:02:35]} f4 {[%emt 0:00:22]} 32. Nxf4 {[%emt 0:01:54]} gxf4 {[%emt 0:00:14]} 33. Nxg4 {[%emt 0:00:31]} Kg7 {[%emt 0:05:11]} 34. f3 {[%emt 0:04:58]} Re2 {[%emt 0:00:25]} 35. gxf4 {[%emt 0:00:52]} Rdd2 {[%emt 0:02:49]} 36. Rad1 {[%emt 0:00:29]} Bc2 {[%emt 0:00:41]} 37. Rxd2 {[%emt 0:01:52]} Rxd2 {[%emt 0:00:02]} 38. Re1 {[%emt 0:00:12]} Rd1 {[%emt 0:02:02]} 39. Rxd1 {[%emt 0:00:37]} Bxd1 {[%emt 0:00:02]} 40. b4 {[%emt 0:00:01]} Bxf3 {[%emt 0:01:23]} 41. Ne3 {[%emt 0:00:07]} b6 {[%emt 0:00:29]} 42. bxa5 {[%emt 0:01:25]} bxa5 {[%emt 0:00:02]} 43. Kf2 {[%emt 0:01:16]} Be4 {[%emt 0:00:04]} 44. Ke2 {[%emt 0:04:21]} Bb1 {[%emt 0:01:14]} 45. Nc4 {[%emt 0:04:30]} Bc2 {[%emt 0:00:26]} 46. Nxa5 {[%emt 0:00:05]} Bxa4 {[%emt 0:00:04]} 47. Kf3 {[%emt 0:01:20]} Kf6 {[%emt 0:00:36]} 48. Nc4 {[%emt 0:00:29]} Bd1+ {[%emt 0:00:43]} 49. Ke4 {[%emt 0:01:07]} Bh5 {[%emt 0:00:54]} 50. Ne5 {[%emt 0:00:41]} Be8 {[%emt 0:00:16]} 51. Ng4+ {[%emt 0:00:36]} Kg6 {[%emt 0:00:33]} 52. Ke5 {[%emt 0:00:12]} Bd7 {[%emt 0:00:27]} 53. Nf6 {[%emt 0:00:05]} Bh3 {[%emt 0:00:23]} 54. Ne8 {[%emt 0:00:05]} Kf7 {[%emt 0:00:11]} 55. Nxc7 {[%emt 0:00:06]} Bg2 {[%emt 0:00:16]} 56. f5 {[%emt 0:00:12]} Bf3 {[%emt 0:00:10]} 57. Ne6 {[%emt 0:00:05]} Bd5 {[%emt 0:00:23]} 58. Ng5+ {[%emt 0:00:06]} Ke7 {[%emt 0:00:13]} 59. f6+ {[%emt 0:00:04]} Kd7 {[%emt 0:00:35]} 60. Kf5 {[%emt 0:00:06]} Bb3 {[%emt 0:00:53]} 61. Kg6 {[%emt 0:00:23]} Ke8 {[%emt 0:01:04]} 62. Kg7 {[%emt 0:00:10]} Bc4 {[%emt 0:00:16]} 63. f7+ {[%emt 0:00:05]} Bxf7 {[%emt 0:00:07]} 64. Nxf7 {[%emt 0:00:03]} Ke7 {[%emt 0:00:13]} 65. Ng5 {[%emt 0:25:13]} 1-0